Derecho administrativo / Ramon Parada
ISBN:
84-7248-169-7
Descripción Física:
3 v. ; 24 cm
MARC
| LEADER | 00000nam a2200000Ia 4500 | ||
|---|---|---|---|
| 001 | 21826, 21827, 21828 | ||
| 008 | 160829s1993 xx 000 0 cat d | ||
| 020 | |a 84-7248-169-7 (v.1), 84-7248-170-0 (v.2), 84-7248-171-9 (v.3) | ||
| 080 | |a D-4-42, D-4-43, D-4-44 | ||
| 100 | |a Parada Vázquez, José-Ramón |9 46260 | ||
| 245 | |a Derecho administrativo / Ramon Parada | ||
| 250 | |a 5a ed. | ||
| 260 | |a Madrid : |b Marcial Pons, Ediciones Jurídicas, |c 1993 | ||
| 300 | |a 3 v. ; |c 24 cm | ||
| 590 | |a Conté: v.1: Parte general: concepto, fuentes, actos...; v.2: Organización y empleo público: principios de organización... (7a ed.); v.3: Bienes públicos, derecho urbanístico: bienes de la administración... | ||
| 650 | 0 | |a Administració pública |z Espanya |9 19075 | |
| 650 | |a Dret administratiu |x Espanya |x Comunitats autònomes |9 46261 | ||
| 901 | |a Arxiu | ||
| 942 | |n 1 | ||
| 952 | |0 1 |1 0 |2 udc |4 0 |5 2 |6 D442_D443_D444 |7 1 |9 53113 |a Arxiu |b Arxiu |d 2016-12-01 |l 0 |o D-4-42, D-4-43, D-4-44 |p 21826, 21827, 21828 |r 2016-12-01 00:00:00 |w 2016-12-01 |y ARXIU | ||
| 999 | |c 56962 |d 56962 | ||